1792 1215 1141 1563 1311 1487 1031 1938 1917 1761 1087 1328 1735 1703 1587 1113 1517 1311 1051 1379 1258 1821 1955 1093 1830 1785 1867 1990 1499 1322 1788 1464 1764 1963 1651 1178 1207 1199 1759 1032 1147 1505 1931 1615 1186 1516 1372 1278 1756 1952 1582 1315 1129 1952 1808 1476 1802 1970 1475 1161 1521 1635 1657 1028 1154 1820 1109 1526 1650 1127 1461 1414 1584 1995 1968 1720 1833 1381 1268 1903 1389 1158 1858 1739 1161 1966 1468 1885 1762 1110 1034 1218 1184 1358 1009 1875 1984 1898 1717 BCNSPRNW ULIB Ver.6.0+V

เปลี่ยนเป็นภาษาไทย

Change to English
 แสดงรายละเอียดบรรณานุกรม
  กลับหน้าหลัก

Brief Record : Get Marc (ISO 2709) : E-mail record : QR code < ปิดหน้าต่าง
LEADER : 00000nam 2200000uu 4500
001    13399115173
003     ULIB
008    120717s2545||||th 000 0 tha d
020    ^a9743406549
060 04 ^aWS366^bว349ว 2545
245 00 ^aเวชปฏิบัติทางกุมารเวชศาสตร์ /^cนวลอนงค์ วิศิษฏสุนทร ...[และคนอื่นๆ]
250    ^aพิมพ์ครั้งที่ 1
260    ^aกรุงเทพฯ :^bชวนพิมพ์,^c2545
300    ^a410 หน้า :^bภาพประกอบ ;^c26 ซม.
650  7 ^aกุมารเวชศาสตร์
653    ^aผลงานอาจารย์คณะแพทยศาสตร์ศิริราชพยาบาล
700 0  ^aนวลอนงค์ วิศิษฏสุนทร
945    ^p0^l0^i15525
995    ^aกัณชพร
999    ^aใช้งานได้ทุกระบบ
รายการนี้ยังไม่มีแท็ก
คุณยังไม่ได้ล็อกอิน คุณสามารถมีกิจกรรมร่วมกับเว็บไซต์ได้ แต่ต้องล็อกอินก่อน ::
  ล็อกอิน

รายการสื่อสารสนเทศ

ลำดับที่ ประเภท เลขเรียก/บาร์โค้ด สถานที่ สถานะ
- ไม่พบข้อมูล -

รายการใกล้เคียง
    หัวเรื่อง [กุมารเวชศาสตร์]

BibComment


ยังไม่เคยถูกคอมเมนท์

คอมเมนท์ทรัพยากรรายการนี้
  คอมเมนท์: เวชปฏิบัติทางกุม..


 Copyright 2026. Bcnsprnw @Library